000 01150nam a22003617a 4500
001 0062841
003 KOHA_MİRAKIL
005 20260207004422.0
007
008 181106b2017 tu |||gr||||#||||0|tur |
020 _a9786052015261
_cxxxxx
040 _aTR-BiSEU
_btur
_cTR-BiSEU
_erda
041 0 _atur
044 _ctu
050 _aZA4080
_b.B55 2017
245 0 _aBilişim teknolojilerinin bilgi merkezlerine ve hizmetlerine etkileri/
_cyayına hazırlayanlar Hüseyin Odabaş, Mehmet Ali Akkaya.
264 1 _aİstanbul :
_bHiperyayın
_c2017
300 _a336, 3 sayfa; 24 cm.
336 _ametin
_btxt
_2rdacontent
337 _aaracısız
_bn
_2rdamedia
338 _acilt
_bnc
_2rdacarrier
490 1 _aHiperyayın ;
_v144.
490 1 _aAraştırma-İnceleme
500 _aDizin var.
500 _aKaynakça var.
650 0 _aDijital kütüphaneler.
_9116491
650 0 _aDigital libraries.
_9116492
650 0 _aDijital kütüphaneler--Yöenetimi.
_9116493
650 0 _aDigital libraries--Management.
_9116494
830 1 _aHiperyayın ;
_v144.
_9116490
830 1 _aAraştırma-İnceleme
_96252
942 _2lcc
_cBK
999 _c62637
_d62637